[Event "58h World U20 ch"]
[Site "New Delhi IND"]
[Date "2019.10.24"]
[Round "10.3"]
[White "Hakobian, Aram"]
[Black "Karthikeyan, Murali"]
[Result "1-0"]
[WhiteElo "2561"]
[BlackElo "2617"]
[EventDate "2019.10.15"]
[PlyCount "89"]

1.e4 c5 2.Nf3 e6 3.d4 cxd4 4.Nxd4 Nc6 5.Nc3 Qc7 6.g3 a6 7.Bg2 Nf6 8.O-O d6
9.Re1 Bd7 10.Nxc6 bxc6 11.Na4 Be7 12.c4 O-O 13.c5 dxc5 14.Be3 Rfb8 15.Rc1 
e5 16.b3 c4 17.Rxc4 Be6 18.Rc2 Bb4 19.Rf1 Ng4 20.Bc5 a5 21.Qc1 Nf6 22.Be3 
Qe7 23.Rxc6 Bd7 24.Rc7 Qe6 25.Nc5 Bxc5 26.Qxc5 a4 27.bxa4 Rxa4 28.Rd1 h6 
29.Rcxd7 Nxd7 30.Qc7 Rd4 31.Bxd4 exd4 32.h3 Rb2 33.Qd8+ Kh7 34.Rxd4 Ne5 
35.Qd5 Qf6 36.Rd2 Rb1+ 37.Kh2 g5 38.a4 Ra1 39.Qb3 Kg7 40.Ra2 Rc1 41.a5 h5 
42.a6 Kh7 43.a7 Qh6 44.Bh1 Ng4+ 45.Kg2 1-0

[Event "58h World U20 ch"]
[Site "New Delhi IND"]
[Date "2019.10.24"]
[Round "10.4"]
[White "Sargsian, Shant"]
[Black "Bronstein, Or"]
[Result "1-0"]
[WhiteElo "2580"]
[BlackElo "2413"]
[EventDate "2019.10.15"]
[PlyCount "83"]

1.Nf3 c5 2.c4 Nc6 3.d4 cxd4 4.Nxd4 Nf6 5.Nc3 e6 6.Bg5 h6 7.Bh4 Qb6 8.Bxf6 
gxf6 9.Nb3 f5 10.e3 Bg7 11.Rc1 O-O 12.Be2 Qd8 13.O-O b6 14.Qd2 Qf6 15.Rfd1
Rd8 16.Nd4 Ba6 17.b3 Rac8 18.a4 Bb7 19.Ndb5 Ba8 20.Nd6 Rb8 21.Ncb5 Na5 22.
Rb1 Qg6 23.g3 Nc6 24.Nc7 Bf8 25.Nxa8 Rxa8 26.Nb7 Bb4 27.Qb2 Re8 28.Rxd7 
Qg7 29.Qxg7+ Kxg7 30.f4 Re7 31.Rxe7 Bxe7 32.Bf3 Rc8 33.Rd1 Kf8 34.Kf2 a5 
35.c5 Bxc5 36.Nxc5 bxc5 37.Rd7 Ke8 38.Rb7 Nb4 39.Bh5 Rd8 40.Bxf7+ Kf8 41.
Bxe6 Rd2+ 42.Kf3 1-0

[Event "58h World U20 ch"]
[Site "New Delhi IND"]
[Date "2019.10.24"]
[Round "10.5"]
[White "Costachi, Mihnea"]
[Black "Kuybokarov, Temur"]
[Result "1/2-1/2"]
[WhiteElo "2463"]
[BlackElo "2501"]
[EventDate "2019.10.15"]
[PlyCount "60"]

1.d4 Nf6 2.c4 g6 3.Nc3 d5 4.cxd5 Nxd5 5.e4 Nxc3 6.bxc3 Bg7 7.Be3 c5 8.Rc1 
Qa5 9.Qd2 cxd4 10.cxd4 Qxd2+ 11.Bxd2 O-O 12.Nf3 Bg4 13.Be3 Rd8 14.d5 Nd7 
15.Be2 e6 16.dxe6 Bxe6 17.a4 Ne5 18.Nxe5 Bxe5 19.f4 Bb2 20.Rb1 Bc3+ 21.Kf2
b6 22.Ba6 Bc8 23.Rhc1 Bxa6 24.Rxc3 Rac8 25.Rbc1 Rxc3 26.Rxc3 Rc8 27.Rxc8+ 
Bxc8 28.Bd2 f5 29.exf5 gxf5 30.Ke3 Kf7 1/2-1/2

[Event "58h World U20 ch"]
[Site "New Delhi IND"]
[Date "2019.10.24"]
[Round "10.6"]
[White "Janik, Igor"]
[Black "Raghunandan, Kaumandur Srihari"]
[Result "1/2-1/2"]
[WhiteElo "2467"]
[BlackElo "2449"]
[EventDate "2019.10.15"]
[PlyCount "94"]

1.d4 Nf6 2.c4 e6 3.Nf3 d5 4.Nc3 c6 5.Qd3 dxc4 6.Qxc4 b5 7.Qb3 Nbd7 8.Bg5 
Be7 9.g3 O-O 10.Bg2 b4 11.Na4 Ba6 12.Bxf6 gxf6 13.Qc2 Rc8 14.O-O c5 15.d5 
exd5 16.Nh4 Ne5 17.Rfd1 d4 18.Be4 Re8 19.Bxh7+ Kh8 20.Bf5 Bf8 21.b3 Rc7 
22.Rd2 Bh6 23.f4 d3 24.Qd1 Bxf4 25.gxf4 Qd4+ 26.e3 Qxe3+ 27.Kh1 Bb7+ 28.
Rg2 Nf3 29.Nxf3 Bxf3 30.Qxd3 Qxd3 31.Bxd3 Rg8 32.Rg1 Rd7 33.Nb2 Rd4 34.h3 
Rxf4 35.Kh2 Bxg2 36.Rxg2 Rxg2+ 37.Kxg2 Rd4 38.Kf3 Kg7 39.Ke3 Kh6 40.Be4 
Kg5 41.Nd3 f5 42.h4+ Kg4 43.Ne5+ Kg3 44.Bxf5 Rd5 45.Ke4 Rd4+ 46.Ke3 Rd5 
47.Ke4 Rd4+ 1/2-1/2

[Event "58h World U20 ch"]
[Site "New Delhi IND"]
[Date "2019.10.24"]
[Round "10.7"]
[White "Murzin, Volodar"]
[Black "Albornoz Cabrera, Carlos Daniel"]
[Result "1-0"]
[WhiteElo "2433"]
[BlackElo "2581"]
[EventDate "2019.10.15"]
[PlyCount "87"]

1.e4 c5 2.Nf3 Nc6 3.Bb5 d6 4.O-O Bd7 5.Re1 Nf6 6.c3 a6 7.Bf1 Bg4 8.h3 Bxf3
9.Qxf3 e6 10.d3 Be7 11.Nd2 O-O 12.Qe2 Re8 13.g3 Rc8 14.Bg2 d5 15.e5 Nd7 
16.f4 b5 17.Nf3 Nb6 18.Be3 d4 19.cxd4 cxd4 20.Bf2 Nd5 21.Rec1 Qb6 22.Qe4 
g6 23.h4 Bc5 24.Bh3 Ne3 25.h5 Nb4 26.Rxc5 Rxc5 27.Nxd4 Nbc2 28.Nxc2 Nxc2 
29.Rc1 Qc7 30.hxg6 hxg6 31.Bxc5 Qxc5+ 32.d4 Qxd4+ 33.Qxd4 Nxd4 34.Kf2 Rd8 
35.Ke3 Rd5 36.g4 g5 37.fxg5 b4 38.Bg2 Rd8 39.Be4 b3 40.axb3 Nxb3 41.Rc7 
Rd1 42.Bc2 Re1+ 43.Kf2 Rc1 44.Rc3 1-0

[Event "58h World U20 ch"]
[Site "New Delhi IND"]
[Date "2019.10.24"]
[Round "10.9"]
[White "Praggnanandhaa, Rameshbabu"]
[Black "Drygalov, Sergei"]
[Result "1-0"]
[WhiteElo "2567"]
[BlackElo "2470"]
[EventDate "2019.10.15"]
[PlyCount "63"]

1.e4 c5 2.Nf3 d6 3.d4 cxd4 4.Nxd4 Nf6 5.Nc3 a6 6.Bg5 e6 7.Qf3 Be7 8.O-O-O 
Nbd7 9.Bd3 Ne5 10.Qh3 h6 11.Be2 Bd7 12.Be3 Rc8 13.f4 Rxc3 14.fxe5 Nxe4 15.
exd6 Qa5 16.Kb1 Nf2 17.Qg3 Nxh1 18.Qe1 Bg5 19.Nb3 Rxb3 20.Qxa5 Rxe3 21.Qe1
Bf4 22.Qf1 Bxh2 23.Qxh1 Bf4 24.g3 Bc6 25.d7+ Kd8 26.Qf1 Be5 27.Bxa6 Bxg3 
28.Qg1 Bf4 29.Qxg7 Be5 30.Qg1 Rg3 31.Qa7 Bf3 32.Qa8+ 1-0

[Event "58h World U20 ch"]
[Site "New Delhi IND"]
[Date "2019.10.24"]
[Round "10.10"]
[White "Harsha, Bharathakoti"]
[Black "Rahul Srivatshav, P."]
[Result "1-0"]
[WhiteElo "2530"]
[BlackElo "2460"]
[EventDate "2019.10.15"]
[PlyCount "71"]

1.e4 c5 2.Nf3 e6 3.d4 cxd4 4.Nxd4 Nc6 5.Nc3 Qc7 6.g3 a6 7.Bg2 Nf6 8.O-O h5
9.h3 Bc5 10.Nxc6 bxc6 11.Na4 Ba7 12.Qd3 h4 13.g4 d5 14.Be3 a5 15.Bxa7 Qxa7
16.Qc3 O-O 17.e5 Nd7 18.Rfe1 Ba6 19.Qd2 Rfb8 20.b3 Bb5 21.Nc3 a4 22.Rad1 
axb3 23.axb3 Ba6 24.Qg5 Qc5 25.Ne4 dxe4 26.Rxd7 Qc3 27.Re3 Qa1+ 28.Kh2 Rb5
29.Rd8+ Rxd8 30.Qxd8+ Kh7 31.Qxh4+ Kg8 32.Qd8+ Kh7 33.Bxe4+ g6 34.Qh4+ Kg8
35.Qd8+ Kh7 36.Qf6 1-0

[Event "58h World U20 ch"]
[Site "New Delhi IND"]
[Date "2019.10.24"]
[Round "10.11"]
[White "Iniyan, Panneerselvam"]
[Black "Raja, Harshit"]
[Result "1/2-1/2"]
[WhiteElo "2509"]
[BlackElo "2440"]
[EventDate "2019.10.15"]
[PlyCount "104"]

1.d4 Nf6 2.c4 e6 3.Nf3 d5 4.Nc3 Bb4 5.cxd5 exd5 6.Bg5 O-O 7.e3 h6 8.Bh4 c5
9.Bd3 Nc6 10.O-O cxd4 11.exd4 Bg4 12.Bxf6 Qxf6 13.Nxd5 Qd6 14.Ne3 Bxf3 15.
Qxf3 Qxd4 16.Nc2 Qb6 17.Qe4 g6 18.Nxb4 Qxb4 19.Qxb4 Nxb4 20.Be4 Nc6 21.
Rac1 Rfd8 22.f3 Rd2 23.Rf2 Rad8 24.Bxc6 bxc6 25.Re1 h5 26.Kf1 Kf8 27.Rxd2 
Rxd2 28.Re2 Rd1+ 29.Kf2 Ra1 30.a3 Rb1 31.Ke3 Ke7 32.Kf4+ Kf6 33.Rc2 c5 34.
Kg3 Ke6 35.Rxc5 Rxb2 36.Rc7 h4+ 37.Kh3 g5 38.Rxa7 f5 39.a4 g4+ 40.fxg4 
fxg4+ 41.Kxg4 Rxg2+ 42.Kh3 Ra2 43.a5 Kf6 44.Kxh4 Rxh2+ 45.Kg3 Ra2 46.a6 
Ke5 47.Ra8 Kd6 48.a7 Kc7 49.Rh8 Ra3+ 50.Kh2 Rxa7 51.Rh7+ Kb6 52.Rxa7 Kxa7 
1/2-1/2

[Event "58h World U20 ch"]
[Site "New Delhi IND"]
[Date "2019.10.24"]
[Round "10.12"]
[White "Davtian, Artur"]
[Black "Arjun, Kalyan"]
[Result "0-1"]
[WhiteElo "2418"]
[BlackElo "2483"]
[EventDate "2019.10.15"]
[PlyCount "112"]

1.d4 d5 2.c4 e6 3.Nc3 Be7 4.cxd5 exd5 5.Bf4 Nf6 6.e3 Bf5 7.Qb3 Nc6 8.g4 
Nxg4 9.Qxd5 Qxd5 10.Nxd5 Bb4+ 11.Nxb4 Nxb4 12.Rc1 c6 13.a3 Nd5 14.Bg3 
Ngxe3 15.fxe3 Be4 16.Nf3 Bxf3 17.Rg1 O-O 18.Kf2 Be4 19.Bc4 f6 20.h4 g6 21.
Ke2 Kg7 22.Bxd5 Bxd5 23.Kd2 Rfe8 24.Rgf1 Re6 25.Rf2 Rae8 26.Rc3 h6 27.Rf1 
Re4 28.Rf4 R4e6 29.Rf1 R8e7 30.b4 b5 31.Rf2 a5 32.bxa5 Ra7 33.Rf1 Rxa5 34.
Re1 Re4 35.Bf4 Ra8 36.Rg1 Kh7 37.Rf1 Re6 38.Bg3 Kg7 39.Rf2 Be4 40.Rf1 g5 
41.Rf2 Kg6 42.Rf1 Re7 43.hxg5 fxg5 44.Bd6 Re6 45.Be5 h5 46.Rg1 Kh6 47.Ke2 
h4 48.Rg4 Bf5 49.Rg1 Kh5 50.Kf3 g4+ 51.Ke2 b4 52.axb4 Ra2+ 53.Kd1 g3 54.
Re1 Rxe5 55.dxe5 g2 56.Rc4 h3 0-1

[Event "58h World U20 ch"]
[Site "New Delhi IND"]
[Date "2019.10.24"]
[Round "10.15"]
[White "Rajdeep, Sarkar"]
[Black "Lobanov, Sergei"]
[Result "0-1"]
[WhiteElo "2384"]
[BlackElo "2516"]
[EventDate "2019.10.15"]
[PlyCount "76"]

1.c4 c5 2.Nf3 Nc6 3.d4 cxd4 4.Nxd4 e6 5.Nc3 Nf6 6.a3 Be7 7.e4 O-O 8.Nf3 b6
9.Be2 Bb7 10.O-O Rc8 11.Bf4 d6 12.Rc1 Ng4 13.Nd2 Nge5 14.Be3 Na5 15.Nb5 a6
16.Nd4 d5 17.cxd5 Rxc1 18.Qxc1 exd5 19.b4 Nac4 20.Nxc4 dxc4 21.f4 Ng6 22.
Qxc4 Qa8 23.Bf3 Bxe4 24.Rc1 Nh4 25.Nc6 Nxf3+ 26.gxf3 Bxc6 27.Qxc6 Bc5 28.
Rxc5 bxc5 29.Qxa8 Rxa8 30.Bxc5 Rd8 31.a4 Rd2 32.h4 f6 33.f5 Kf7 34.a5 h5 
35.Kf1 Rd5 36.Ke2 Rxf5 37.Kd3 Rf4 38.Kc3 Ke6 0-1

[Event "58h World U20 ch"]
[Site "New Delhi IND"]
[Date "2019.10.24"]
[Round "10.17"]
[White "Garidmagnai, Byambasuren"]
[Black "Nigmatov, Ortik"]
[Result "0-1"]
[WhiteElo "2327"]
[BlackElo "2494"]
[EventDate "2019.10.15"]
[PlyCount "76"]

1.d4 Nf6 2.c4 g6 3.Nc3 Bg7 4.e4 d6 5.Be2 O-O 6.Nf3 e5 7.O-O Nbd7 8.Be3 Ng4
9.Bg5 f6 10.Bh4 Nh6 11.dxe5 dxe5 12.b4 c6 13.c5 Qe7 14.Nd2 Rd8 15.Qb3+ Nf7
16.Nc4 Nf8 17.Na5 Ne6 18.Bc4 g5 19.Bg3 Nd4 20.Qb2 h5 21.f3 h4 22.Bf2 h3 
23.Ne2 hxg2 24.Kxg2 Ne6 25.Rad1 Re8 26.Bb3 g4 27.fxg4 Nf4+ 28.Nxf4 exf4 
29.Qe2 Be6 30.Bxe6 Qxe6 31.Bd4 Bh6 32.Bc3 Ng5 33.Nxb7 f3+ 34.Rxf3 Qxg4+ 
35.Kf2 Nxe4+ 36.Kf1 Nd2+ 37.Bxd2 Rxe2 38.Kxe2 Qg2+ 0-1

[Event "58h World U20 ch"]
[Site "New Delhi IND"]
[Date "2019.10.24"]
[Round "10.18"]
[White "Raahul, Vijayakumar Sharmila"]
[Black "Batsuren, Dambasuren"]
[Result "0-1"]
[WhiteElo "2262"]
[BlackElo "2454"]
[EventDate "2019.10.15"]
[PlyCount "138"]

1.c4 e5 2.Nc3 Nf6 3.g3 d5 4.cxd5 Nxd5 5.Bg2 Nb6 6.e3 Nc6 7.Nge2 Bf5 8.d4 
Bd6 9.O-O O-O 10.dxe5 Bxe5 11.f4 Bd6 12.Nd4 Nxd4 13.Qxd4 Qe7 14.Ne4 Bxe4 
15.Qxe4 Qxe4 16.Bxe4 c6 17.Kg2 Rfe8 18.Bf3 f5 19.Re1 Rad8 20.e4 Bb4 21.Re2
fxe4 22.Rxe4 Rxe4 23.Bxe4 Rd1 24.Rb1 Bd2 25.Bxd2 Rxd2+ 26.Kh3 Na4 27.Re1 
Rxb2 28.Bd3 Nc5 29.Bc4+ Kf8 30.Re5 Nd7 31.Rf5+ Ke8 32.Rf7 b5 33.Be6 Nc5 
34.f5 Nxe6 35.fxe6 Rxa2 36.Rxg7 Re2 37.Rxa7 h6 38.Kg4 Rxe6 39.Kf5 Re7 40.
Ra2 Kd7 41.g4 b4 42.h4 c5 43.g5 hxg5 44.hxg5 Kc6 45.Kf6 Rb7 46.g6 b3 47.
Re2 c4 48.g7 Rxg7 49.Kxg7 c3 50.Re3 c2 51.Rc3+ Kd5 52.Rxb3 c1=Q 53.Rb5+ 
Kc6 54.Rf5 Kd6 55.Kg6 Qg1+ 56.Rg5 Qb1+ 57.Kf6 Qh7 58.Rg6 Qe7+ 59.Kf5+ Kd5 
60.Rf6 Qe4+ 61.Kg5 Ke5 62.Rg6 Qd3 63.Kh6 Kf5 64.Kh7 Qd7+ 65.Rg7 Qe8 66.Rg8
Qh5+ 67.Kg7 Qg6+ 68.Kf8 Qf6+ 69.Ke8 Ke6 0-1

[Event "58h World U20 ch"]
[Site "New Delhi IND"]
[Date "2019.10.24"]
[Round "10.19"]
[White "Agmanov, Zhandos"]
[Black "Audi, Ameya"]
[Result "1/2-1/2"]
[WhiteElo "2403"]
[BlackElo "2336"]
[EventDate "2019.10.15"]
[PlyCount "100"]

1.e4 e5 2.Nf3 Nc6 3.Bb5 a6 4.Ba4 Nf6 5.O-O Nxe4 6.d4 b5 7.Bb3 d5 8.dxe5 
Be6 9.Nbd2 Nc5 10.c3 Be7 11.Bc2 d4 12.Nb3 d3 13.Bb1 Nxb3 14.axb3 Bf5 15.
Be3 O-O 16.Bd4 Qd5 17.Re1 d2 18.Re2 Bxb1 19.Rxb1 Nxd4 20.Nxd4 Bg5 21.g3 c5
22.Nf5 Qd3 23.Nd6 f6 24.f4 fxe5 25.Rxd2 Qe3+ 26.Rf2 h6 27.Qd5+ Kh7 28.Nf5 
Rxf5 29.Qxa8 exf4 30.Qf3 Qe6 31.Re2 fxg3 32.Rxe6 Rxf3 33.Kg2 Rd3 34.hxg3 
b4 35.Rxa6 bxc3 36.bxc3 Rxc3 37.Ra4 Be7 38.Rf4 Kg6 39.Re4 Kf7 40.Rf1+ Bf6 
41.Rf3 Rc2+ 42.Rf2 Rc3 43.Rf3 Rc2+ 44.Kf1 Rd2 45.Re5 Rc2 46.Re2 Rc1+ 47.
Re1 Rc2 48.Re4 Rd2 49.Re5 Rc2 50.Ke1 c4 1/2-1/2

[Event "58h World U20 ch"]
[Site "New Delhi IND"]
[Date "2019.10.24"]
[Round "10.23"]
[White "Saurabh, Anand"]
[Black "Dobrovoljc, Vid"]
[Result "1/2-1/2"]
[WhiteElo "2236"]
[BlackElo "2389"]
[EventDate "2019.10.15"]
[PlyCount "61"]

1.e4 c5 2.Nf3 d6 3.d4 cxd4 4.Nxd4 Nf6 5.Nc3 Nc6 6.Bg5 e6 7.Qd2 a6 8.O-O-O 
Bd7 9.f4 Be7 10.Nf3 b5 11.Bxf6 gxf6 12.f5 Qb6 13.Kb1 O-O-O 14.g3 Kb8 15.
fxe6 fxe6 16.Bh3 Na5 17.Nd4 b4 18.Nce2 e5 19.Bxd7 Rxd7 20.Nf5 Nc4 21.Qd5 
Rc8 22.Nc1 Qc7 23.Qd3 Bf8 24.Rhe1 d5 25.exd5 Rxd5 26.Qxd5 Na3+ 27.bxa3 
Qxc2+ 28.Ka1 Qc3+ 29.Kb1 Qc2+ 30.Ka1 Qc3+ 31.Kb1 1/2-1/2

[Event "58h World U20 ch"]
[Site "New Delhi IND"]
[Date "2019.10.24"]
[Round "10.24"]
[White "Wagh, Suyog"]
[Black "Aronyak, Ghosh"]
[Result "1/2-1/2"]
[WhiteElo "2229"]
[BlackElo "2380"]
[EventDate "2019.10.15"]
[PlyCount "60"]

1.d4 d5 2.c4 e6 3.g3 c6 4.Qc2 dxc4 5.Qxc4 Qd5 6.Qxd5 cxd5 7.Nc3 Bd7 8.Nf3 
Nc6 9.Bg2 Nf6 10.O-O Bd6 11.Bf4 Bxf4 12.gxf4 Ne7 13.Rac1 Nf5 14.Rc2 Ke7 
15.e3 Rac8 16.Rfc1 h6 17.Ne5 Nd6 18.Ne2 Rxc2 19.Rxc2 Rc8 20.Rxc8 Bxc8 21.
Kf1 Nd7 22.Nc3 f6 23.Nd3 Nf8 24.Bh3 f5 25.Ne5 g5 26.fxg5 hxg5 27.Ke2 Bd7 
28.Bg2 Be8 29.b3 Ng6 30.Nxg6+ Bxg6 1/2-1/2

[Event "58h World U20 ch"]
[Site "New Delhi IND"]
[Date "2019.10.24"]
[Round "10.25"]
[White "Donoso Diaz, Sebastian"]
[Black "Muthaiah, A. L."]
[Result "0-1"]
[WhiteElo "2203"]
[BlackElo "2370"]
[EventDate "2019.10.15"]
[PlyCount "50"]

1.c4 e6 2.Nf3 Nf6 3.e3 d5 4.b3 Be7 5.Bb2 b6 6.Nc3 O-O 7.cxd5 exd5 8.d4 
Nbd7 9.Bd3 a6 10.O-O Bb7 11.Rc1 Bd6 12.Ne2 Qe7 13.Nf4 Ne4 14.Bb1 Ng5 15.
Nd3 Nxf3+ 16.Qxf3 Nf6 17.Ne5 Ne4 18.Nc6 Qe8 19.Ne5 f6 20.Nd3 Nd2 21.Qh3 
Bc8 22.Qh4 Bf5 23.Rfd1 Nxb1 24.b4 a5 25.bxa5 Rxa5 0-1

[Event "58h World U20 ch"]
[Site "New Delhi IND"]
[Date "2019.10.24"]
[Round "10.26"]
[White "Winkelman, Albert"]
[Black "Raja Rithvik, R."]
[Result "0-1"]
[WhiteElo "2143"]
[BlackElo "2369"]
[EventDate "2019.10.15"]
[PlyCount "70"]

1.e4 c5 2.Nf3 d6 3.d4 cxd4 4.Nxd4 Nf6 5.Nc3 a6 6.h3 e6 7.g4 Be7 8.g5 Nfd7 
9.Be3 b5 10.Qd2 Bb7 11.Bg2 Nb6 12.b3 N8d7 13.f4 Rc8 14.a3 Qc7 15.Nde2 O-O 
16.O-O d5 17.exd5 Nxd5 18.Nxd5 Bxd5 19.Bxd5 exd5 20.Nd4 Rfe8 21.Nf5 Bf8 
22.Rf2 Nc5 23.Rg2 Ne4 24.Qd4 Nd6 25.Nh6+ Kh8 26.Bf2 Ne4 27.Qxd5 gxh6 28.
Bd4+ Bg7 29.Re1 Qd6 30.Bxg7+ Kxg7 31.gxh6+ Kf8 32.Qf5 Qc5+ 33.Qxc5+ Rxc5 
34.Rg7 Nf6 35.Rxe8+ Kxe8 0-1

[Event "58h World U20 ch"]
[Site "New Delhi IND"]
[Date "2019.10.24"]
[Round "10.28"]
[White "Nitish, Belurkar"]
[Black "Vykouk, Jan"]
[Result "1-0"]
[WhiteElo "2311"]
[BlackElo "2468"]
[EventDate "2019.10.15"]
[PlyCount "119"]

1.e4 d6 2.d4 Nf6 3.Nc3 Nbd7 4.Nf3 e5 5.Bc4 Be7 6.O-O O-O 7.Re1 c6 8.a4 a5 
9.h3 exd4 10.Qxd4 Nc5 11.e5 dxe5 12.Qxd8 Rxd8 13.Nxe5 Be6 14.Be3 Nd5 15.
Bxd5 cxd5 16.Nb5 Rdc8 17.c3 Nb3 18.Rad1 Bf8 19.Na7 Rd8 20.Nb5 Rdc8 21.Na7 
Re8 22.Nb5 Rac8 23.Na7 Rb8 24.Nb5 f6 25.Nd3 Bf7 26.Nf4 Re4 27.Nxd5 Rxa4 
28.Nb6 Ra2 29.Bf4 Re8 30.Rxe8 Bxe8 31.Nc7 Bc6 32.Ne6 Be7 33.Nd4 Nxd4 34.
cxd4 Rxb2 35.Bc7 a4 36.d5 a3 37.dxc6 bxc6 38.Nc4 Rb7 39.Bb6 Rb8 40.Ra1 Ra8
41.Ba5 Kf7 42.Kf1 Bc5 43.Ra2 h5 44.Bb6 Bf8 45.Ke2 g5 46.Be3 Kg6 47.Bc1 h4 
48.Nxa3 f5 49.Ra1 Bc5 50.Nc2 Re8+ 51.Kf1 g4 52.Ra6 Re6 53.Be3 Bxe3 54.Nxe3
g3 55.Ra4 Kg5 56.Ra5 Kf4 57.Rxf5+ Ke4 58.Rh5 Kd3 59.Rxh4 c5 60.Nd5 1-0

[Event "58h World U20 ch"]
[Site "New Delhi IND"]
[Date "2019.10.24"]
[Round "10.32"]
[White "Li, William"]
[Black "Sammed Shete, Jaykumar"]
[Result "0-1"]
[WhiteElo "2161"]
[BlackElo "2392"]
[EventDate "2019.10.15"]
[PlyCount "68"]

1.d4 Nf6 2.c4 g6 3.Nc3 Bg7 4.e4 d6 5.f3 O-O 6.Nge2 c5 7.d5 e6 8.Ng3 exd5 
9.cxd5 Nbd7 10.Be2 a6 11.a4 Rb8 12.O-O Ne8 13.f4 Nc7 14.e5 dxe5 15.f5 Ne8 
16.Nge4 gxf5 17.Rxf5 b5 18.axb5 axb5 19.Bxb5 Ndf6 20.Nxf6+ Nxf6 21.Rxe5 
Rxb5 22.Nxb5 Qb6 23.Na3 Ng4 24.Nc4 Qb8 25.Rh5 Bd4+ 26.Kf1 Nxh2+ 27.Rxh2 
Qxh2 28.Be3 Bg7 29.Rc1 Re8 30.Qf3 Ba6 31.Bxc5 Rc8 32.Qe3 Bh6 33.Qe4 Rxc5 
34.Qe8+ Kg7 0-1

[Event "58h World U20 ch"]
[Site "New Delhi IND"]
[Date "2019.10.24"]
[Round "10.36"]
[White "Risting, Eivind Olav"]
[Black "Eugene, Floryan"]
[Result "1-0"]
[WhiteElo "2289"]
[BlackElo "2346"]
[EventDate "2019.10.15"]
[PlyCount "135"]

1.d4 Nf6 2.c4 g6 3.Nc3 Bg7 4.e4 d6 5.h3 O-O 6.Be3 e5 7.d5 Na6 8.g4 Nc5 9.
f3 a5 10.Qd2 a4 11.Nge2 c6 12.Ng3 cxd5 13.cxd5 Bd7 14.h4 Qa5 15.h5 Rfc8 
16.hxg6 fxg6 17.g5 Ne8 18.Qh2 a3 19.Qxh7+ Kf7 20.Bd2 axb2 21.Rb1 Na4 22.
Nd1 Qc5 23.Rh6 Qc2 24.Rxg6 Ke7 25.Rxg7+ Nxg7 26.Qxg7+ Kd8 27.Bb4 Kc7 28.
Bb5 Rd8 29.Bxa4 Qxb1 30.Bxd6+ Kxd6 31.Qf6+ Kc5 32.Qe7+ Kc4 33.Bb3+ Kb5 34.
a4+ Kb6 35.Qb4+ Kc7 36.Qc3+ Kb8 37.Qxe5+ Ka7 38.Qd4+ b6 39.Qxb2 Qxb2 40.
Nxb2 Rh8 41.Nd3 Rh2 42.Ne5 Be8 43.d6 Rb2 44.Bd1 Rg2 45.Nf5 Rxg5 46.f4 Rg2 
47.Bf3 Ra2 48.d7 Bxd7 49.Nxd7 Rg8 50.Be2 Rg2 51.Nd4 Rxa4 52.Ne5 Kb7 53.
Nef3 Ra1+ 54.Kd2 b5 55.e5 b4 56.e6 Kc7 57.f5 Kd6 58.Ke3 Ke7 59.Bc4 Rg4 60.
Ne5 Ra3+ 61.Bd3 Rg8 62.Ke4 b3 63.Nd7 Rg4+ 64.Ke5 Ra5+ 65.Bb5 Rxd4 66.f6+ 
Kd8 67.e7+ Ke8 68.Ke6 1-0

[Event "58h World U20 ch"]
[Site "New Delhi IND"]
[Date "2019.10.24"]
[Round "10.37"]
[White "O`Donnell, Conor"]
[Black "Vatsal, Singhania"]
[Result "0-1"]
[WhiteElo "2345"]
[BlackElo "2157"]
[EventDate "2019.10.15"]
[PlyCount "60"]

1.Nf3 Nf6 2.c4 e6 3.g3 d5 4.Bg2 Be7 5.O-O O-O 6.b3 c5 7.Bb2 Nc6 8.e3 b6 9.
Nc3 Ba6 10.Qe2 Rc8 11.Rfd1 d4 12.exd4 cxd4 13.Nb5 d3 14.Qf1 Qd7 15.Rac1 
Rfd8 16.Ne1 Nb4 17.a3 Nc6 18.h3 Na5 19.Rc3 Bxb5 20.Rxd3 Bxc4 21.Rxd7 Bxf1 
22.Rxd8+ Rxd8 23.Kxf1 Nxb3 24.d4 Nd5 25.Ke2 b5 26.Kd3 Na5 27.Nc2 Nc4 28.
Bc1 Ndb6 29.Kc3 Na4+ 30.Kb3 Na5+ 0-1

[Event "58h World U20 ch"]
[Site "New Delhi IND"]
[Date "2019.10.24"]
[Round "10.38"]
[White "Flores Quillas, Diego Saul Rodrigo"]
[Black "Neelash, Saha"]
[Result "0-1"]
[WhiteElo "2164"]
[BlackElo "2334"]
[EventDate "2019.10.15"]
[PlyCount "84"]

1.e4 c6 2.d4 d5 3.Nc3 dxe4 4.Nxe4 Nf6 5.Nxf6+ exf6 6.c3 Bd6 7.Bd3 O-O 8.
Qc2 h6 9.Ne2 Qc7 10.Be3 Re8 11.O-O-O Nd7 12.Qd2 Nb6 13.c4 c5 14.d5 a6 15.
Rde1 Bd7 16.f3 f5 17.g3 Nc8 18.Nf4 Qd8 19.g4 b5 20.gxf5 bxc4 21.Be4 Rb8 
22.Rhg1 Be5 23.Nh5 Rxb2 24.Qxb2 Bxb2+ 25.Kxb2 Qh4 26.Nxg7 Qxh2+ 27.Kb1 
Rxe4 28.fxe4 c3 29.Bc1 Kf8 30.e5 Bb5 31.Rg4 h5 32.Nxh5 Qxh5 33.Rg5 Qh2 34.
Reg1 Bd3+ 35.Ka1 Ke7 36.f6+ Kd8 37.e6 Nd6 38.R1g2 Qh1 39.Rg1 Qf3 40.Rg8+ 
Kc7 41.e7 Bc4 42.Rd8 Qf2 0-1

[Event "58h World U20 ch"]
[Site "New Delhi IND"]
[Date "2019.10.24"]
[Round "10.40"]
[White "Papadiamandis, Elliot"]
[Black "Kukelko, Alexey"]
[Result "1/2-1/2"]
[WhiteElo "2190"]
[BlackElo "2342"]
[EventDate "2019.10.15"]
[PlyCount "67"]

1.e4 c5 2.Nf3 e6 3.d4 cxd4 4.Nxd4 Qb6 5.Nb3 Nc6 6.Be3 Qc7 7.Nc3 Nf6 8.a3 
a6 9.Be2 b5 10.O-O d6 11.f4 Be7 12.Bf3 Bb7 13.Qd2 O-O 14.Rad1 Rac8 15.Qf2 
Nd7 16.Rd2 Rfe8 17.g4 Na5 18.Nxa5 Qxa5 19.g5 b4 20.axb4 Qxb4 21.Nd1 Nc5 
22.Rd4 Qb5 23.b4 Nd7 24.Be2 Qa4 25.c3 e5 26.fxe5 Nxe5 27.Bf4 Rf8 28.Qg3 
Qa2 29.Rf2 Qe6 30.Bxe5 dxe5 31.Bg4 Qb6 32.Qxe5 Rce8 33.Qg3 Rd8 34.Qe5 
1/2-1/2

[Event "58h World U20 ch"]
[Site "New Delhi IND"]
[Date "2019.10.24"]
[Round "10.41"]
[White "Zrikem, Nassim"]
[Black "Aravena Navarro, Alexis Andres"]
[Result "1-0"]
[WhiteElo "2125"]
[BlackElo "2023"]
[EventDate "2019.10.15"]
[PlyCount "87"]

1.d4 Nf6 2.Nf3 g6 3.Bg5 Bg7 4.Nbd2 O-O 5.e4 d6 6.c3 c5 7.dxc5 dxc5 8.Bc4 
Nc6 9.a4 h6 10.Bh4 Na5 11.Ba2 b6 12.O-O Ba6 13.Re1 c4 14.Bxf6 exf6 15.Nd4 
Rc8 16.f4 Rc5 17.f5 Qd7 18.Qg4 g5 19.h4 Re8 20.Bb1 Bf8 21.Bc2 Nb7 22.N2f3 
Bg7 23.Rad1 Qc8 24.Qh5 Qc7 25.hxg5 hxg5 26.Ne6 Qe7 27.Nxc5 Nxc5 28.e5 fxe5
29.Nxg5 Nd3 30.Bxd3 cxd3 31.Ne4 f6 32.b4 Bc4 33.Nd6 Qxd6 34.Qxe8+ Qf8 35.
Qxf8+ Kxf8 36.Re3 Ke7 37.Kf2 Bb3 38.Rexd3 Bxa4 39.Ra1 b5 40.c4 a6 41.Rxa4 
bxa4 42.Ra3 Bf8 43.Rxa4 Kd7 44.c5 1-0

[Event "58h World U20 ch"]
[Site "New Delhi IND"]
[Date "2019.10.24"]
[Round "10.42"]
[White "Lama, Milan"]
[Black "Davis, Holden"]
[Result "0-1"]
[WhiteElo "1976"]
[BlackElo "1817"]
[EventDate "2019.10.15"]
[PlyCount "112"]

1.e4 e6 2.d4 d5 3.exd5 exd5 4.Bd3 c5 5.c3 Nc6 6.Ne2 Nf6 7.O-O cxd4 8.Nxd4 
Nxd4 9.cxd4 Be7 10.Nc3 O-O 11.Qb3 Bd6 12.h3 h6 13.Be3 Re8 14.Rac1 Bb8 15.
Ne2 Nh5 16.Bb1 Qd6 17.f4 Nf6 18.Ng3 Bc7 19.Rf3 Bb6 20.Nf5 Bxf5 21.Bxf5 Ne4
22.Qd1 Rad8 23.g3 g6 24.Bxe4 dxe4 25.Rf2 Bxd4 26.Bxd4 Qxd4 27.Qxd4 Rxd4 
28.Rc7 Rb4 29.Rd2 e3 30.Re2 Kg7 31.Kg2 g5 32.fxg5 hxg5 33.b3 Rb6 34.Rc3 
Ra6 35.Rc7 Rb6 36.Rc3 Rd6 37.Rc7 Kg6 38.Rc3 f5 39.Kf3 Rh8 40.Rcxe3 Rxh3 
41.Re6+ Rxe6 42.Rxe6+ Kf7 43.Rd6 f4 44.Rd7+ Ke6 45.Rxb7 Rxg3+ 46.Kf2 Rc3 
47.Rb5 Kf6 48.Ra5 g4 49.Rxa7 Rc2+ 50.Kg1 g3 51.Ra8 Kf5 52.b4 f3 53.Rf8+ 
Ke4 54.Re8+ Kd5 55.Rd8+ Ke6 56.Rd1 Rg2+ 0-1

[Event "58h World U20 ch"]
[Site "New Delhi IND"]
[Date "2019.10.24"]
[Round "10.44"]
[White "Swarnavo, Choudhury"]
[Black "De Silva, Lasal M. S. T."]
[Result "1/2-1/2"]
[WhiteElo "1797"]
[BlackElo "1879"]
[EventDate "2019.10.15"]
[PlyCount "59"]

1.e4 e5 2.Nf3 Nc6 3.Bb5 a6 4.Ba4 Nf6 5.O-O Be7 6.Re1 b5 7.Bb3 d6 8.c3 O-O 
9.h3 Na5 10.Bc2 c5 11.d4 Nd7 12.Nbd2 exd4 13.cxd4 Nc6 14.d5 Nce5 15.Nxe5 
Nxe5 16.f4 Ng6 17.Nf3 Bh4 18.Nxh4 Qxh4 19.f5 Ne5 20.Rf1 Re8 21.Bf4 a5 22.
Qc1 h6 23.Kh2 Ba6 24.g3 Qf6 25.g4 Qh4 26.Bg3 Qf6 27.Bf4 Qh4 28.Bg3 Qf6 29.
Bf4 Qh4 30.Bg3 1/2-1/2

[Event "58h World U20 ch"]
[Site "New Delhi IND"]
[Date "2019.10.25"]
[Round "11.1"]
[White "Shtembuliak, Evgeny"]
[Black "Murzin, Volodar"]
[Result "1-0"]
[WhiteElo "2577"]
[BlackElo "2433"]
[EventDate "2019.10.15"]
[PlyCount "125"]

1.d4 d5 2.c4 e6 3.Nc3 c6 4.cxd5 exd5 5.Qc2 Nf6 6.Bg5 Nbd7 7.e3 h6 8.Bh4 g5
9.Bg3 Nh5 10.Bd3 Nxg3 11.hxg3 Qe7 12.O-O-O Nb6 13.e4 dxe4 14.Bxe4 Bg7 15.
Nf3 Be6 16.Rhe1 g4 17.Ne5 O-O-O 18.Nxf7 Qxf7 19.Bg6 Qc7 20.Rxe6 Bxd4 21.
Bf5 Kb8 22.Bxg4 Qg7 23.Bf3 Rd7 24.Ne4 Rhd8 25.Kb1 Nd5 26.Nc5 Bxc5 27.Qxc5 
Qh7+ 28.Kc1 Nc7 29.Ree1 Nb5 30.Qe5+ Ka8 31.Bg4 Rxd1+ 32.Rxd1 Qg8 33.Rxd8+ 
Qxd8 34.Bh5 Nd6 35.Bg6 a6 36.f4 Ka7 37.Bd3 Ne8 38.Qe3+ Ka8 39.Be2 Nf6 40.
a3 Nd5 41.Qd4 Qe8 42.Kd2 h5 43.Bf3 Qg6 44.Bxd5 cxd5 45.Qxd5 Qxg3 46.f5 h4 
47.Ke2 Qf4 48.b4 h3 49.gxh3 Qh2+ 50.Ke3 Qxh3+ 51.Ke4 Qh4+ 52.Ke5 Qe7+ 53.
Qe6 Qc7+ 54.Kd5 Qd8+ 55.Qd6 Qg8+ 56.Kc5 Qg1+ 57.Qd4 Qc1+ 58.Kd6 Qc6+ 59.
Ke7 Qc7+ 60.Ke8 Qc6+ 61.Qd7 Qe4+ 62.Qe6 Qg4 63.Kf8 1-0